Compendio de la historia de España / (Record no. 153578)

MARC details
000 -LEADER
campo de control de longitud fija 01001nam a22002055i 4500
001 - NÚMERO DE CONTROL
campo de control 153578
003 - IDENTIFICADOR DE NÚMERO DE CONTROL
campo de control ES-MaACL
005 - FECHA Y HORA DE LA ÚLTIMA TRANSACCIÓN
campo de control 20230906205307.0
008 - DATOS DE LONGITUD FIJA--INFORMACIÓN GENERAL
campo de control de longitud fija 950223s1799 sp |||| | spa d
040 ## - FUENTE DE CATALOGACIÓN
Centro catalogador/agencia de origen GA
Lengua de catalogación spa
Centro/agencia transcriptor CCPB | SIC
100 0# - ENTRADA PRINCIPAL--NOMBRE DE PERSONA
Nombre de persona Duchesne, Jean-Baptiste-Philoppoteau.
9 (RLIN) 45828
245 10 - MENCIÓN DEL TÍTULO
Título Compendio de la historia de España /
Mención de responsabilidad, etc. escrita en francés por el R.P. Duchesne ... ; traducido al castellano por el R.P. Joseph Francisco de Isla ; con algunas notas críticas que pueden servir de suplemento por el mismo traductor ; corregido y enmendado de orden del Consejo ; tomo segundo que contiene las dos últimas partes.
260 ## - PUBLICACIÓN, DISTRIBUCIÓN, ETC.
Lugar de publicación, distribución, etc. Madrid :
Nombre del editor, distribuidor, etc. en la Imprenta Real :
-- por don Pedro Pereyra ...,
Fecha de publicación, distribución, etc. 1799.
300 ## - DESCRIPCIÓN FÍSICA
Extensión 426 p. ;
Dimensiones 8º.
597 #1 - NOTA DE DESCRIPCIÓN FÍSICA
NOTA DE DESCRIPCIÓN FÍSICA Sign. : A-Z<8>, 2A-2C<8>, 2D<4>, 2E<1>
651 #4 - PUNTO DE ACCESO ADICIONAL DE MATERIA--NOMBRE GEOGRÁFICO
Nombre geográfico España-
Subdivisión general Historia.
9 (RLIN) 8209
700 0# - ENTRADA AGREGADA--NOMBRE PERSONAL
Nombre de persona Isla, José Francisco de.
9 (RLIN) 65573
852 ## - LOCALIZACIÓN
Ubicación ES-MaACL
Número de control de estantería R-608-09
Nota libre -- Enc. piel con hierros
Encuadernación -- Olim: F-2187-8
Holdings
Estatus retirado Estado de pérdida Estado de daño No para préstamo Colección Biblioteca de origen Biblioteca actual Ubicación en estantería Fecha de adquisición Total de préstamos Signatura topográfica completa Código de barras Visto por última vez Precio de reemplazo Tipo de ítem Koha
        Libros del s. XVIII Biblioteca del Ateneo de Madrid Biblioteca del Ateneo de Madrid Depósito 17/01/2008   R-608-09 1160546 23/02/2023 23/02/2023 Libro impreso antiguo